Ускорение научно-технического прогресса в литейном производстве на основе механизации и автоматизации: материалы семинара

Detalhes bibliográficos
Autor Corporativo: Московский Дом научно-технической пропаганды
Outros Autores: Просяник Г. В. (редактор), Шишкин И. М.
Idioma:russo
Publicado em: Москва, Изд-во МДНТП, 1988
Assuntos:
Formato: MixedMaterials Livro
KOHA link:https://koha.lib.tpu.ru/cgi-bin/koha/opac-detail.pl?biblionumber=259493

MARC

LEADER 00000nam0a2200000 4500
001 259493
005 20231101233406.0
035 |a (RuTPU)RU\TPU\book\282436 
090 |a 259493 
100 |a 20140508d1988 k y0rusy50 ca 
101 0 |a rus 
102 |a RU 
105 |a a z 101zy 
200 1 |a Ускорение научно-технического прогресса в литейном производстве на основе механизации и автоматизации  |e материалы семинара  |f Московский Дом научно-технической пропаганды ; под ред. Г. В. Просяника, И. М. Шишкина 
210 |a Москва  |c Изд-во МДНТП  |d 1988 
215 |a 128 с.  |c ил. 
320 |a Библиография в конце работ. 
606 1 |a Литейное производство  |2 stltpush  |3 (RuTPU)RU\TPU\subj\72698  |9 86107 
610 1 |a литейное дело 
610 1 |a НТП 
610 1 |a научно-технический прогресс 
610 1 |a механизация 
610 1 |a автоматизация 
610 1 |a литейное оборудование 
610 1 |a семинары 
675 |a 621.74(063)  |v 3 
702 1 |a Просяник  |b Г. В.  |4 340 
702 1 |a Шишкин  |b И. М.  |4 340 
712 0 2 |a Московский Дом научно-технической пропаганды  |2 stltpush  |3 (RuTPU)RU\TPU\col\7885  |9 24405 
801 1 |a RU  |b 63413507  |c 20140508 
801 2 |a RU  |b 63413507  |c 20141110  |g RCR 
942 |c BK